| 000 | 01172nam a2200253 a 4500 | ||
|---|---|---|---|
| 001 | 13200 | ||
| 003 | BD-JhCC | ||
| 005 | 20230720101814.0 | ||
| 008 | 230720s2019 bg |||| |||| 000 0 eng d | ||
| 035 | _a(BD-JhCC)13200 | ||
| 040 |
_aBD-JhCC _dBD-JhCC |
||
| 041 | _aben | ||
| 082 |
_a297.18 _bMIN 2019 |
||
| 100 | _aমিনশাবি, শায়খ মুহাম্মদ সিদ্দিক | ||
| 245 |
_aগল্পে গল্পে হযরত উসমান ইবনে আফফান রাদিয়াল্লাহু আনাহুর ১০০ ঘটনা / _cশায়খ মুহাম্মদ সিদ্দিক মিনশাবি; মাওলানা খুররম ইউসুফ (অনু.) |
||
| 260 |
_aঢাকা : _bমাকতাবাতুল হিজায, _c২০১৯ |
||
| 300 |
_a১১০ পৃ. : _c২১ সেমি. |
||
| 504 | _aগ্রন্থপঞ্জি সংযোজিত। | ||
| 600 | _aHazrat Uthman Ibn Affan Ra. | ||
| 650 | _aMuslim legend | ||
| 650 | _ajuvenile literature | ||
| 700 | _aইউসুফ, মাওলানা খুররম | ||
| 942 |
_2ddc _cBK |
||
| 999 |
_c13200 _d13200 |
||